Central Library OPAC University of Rajshahi

Economic status of library personnel, 1949 / (Record no. 595)

MARC details
000 -LEADER
fixed length control field 00761nam a22002297a 4500
001 - CONTROL NUMBER
control field 595
003 - CONTROL NUMBER IDENTIFIER
rucl marc code BD-RjUL
005 - DATE AND TIME OF LATEST TRANSACTION
control field 20211208233214.0
008 - FIXED-LENGTH DATA ELEMENTS--GENERAL INFORMATION
fixed length control field 131118s1950 -usa|||| b||| 00| 0 eng d
035 ## - SYSTEM CONTROL NUMBER
System control number (BD-RjUL)613
040 ## - CATALOGING SOURCE
Original cataloging agency BD-RjUL
Language of cataloging eng
Transcribing agency BD-RjUL
Modifying agency BD-RjUL
041 ## - LANGUAGE CODE
Language code of text/sound track or separate title eng
082 ## - DEWEY DECIMAL CLASSIFICATION NUMBER
Classification number 023
Author mark and year DAE 1950
100 1# - MAIN ENTRY--PERSONAL NAME
Personal name David, Lily Mary
9 (RLIN) 1825
245 ## - TITLE STATEMENT
Title Economic status of library personnel, 1949 /
Statement of responsibility, etc. Prepared by Lily Mary David ; U.S. Bureau of Labor Statistics.
260 ## - PUBLICATION, DISTRIBUTION, ETC. (IMPRINT)
Place of publication, distribution, etc. Chicago :
Name of publisher, distributor, etc. American Library Association,
Date of publication, distribution, etc. 1950.
300 ## - PHYSICAL DESCRIPTION
Pagination 117 p. :
Illustrations Ill., map, tables;
Size 28 cm.
650 #0 - SUBJECT ADDED ENTRY--TOPICAL TERM
Topical term or geographic name as entry element Librarians
Geographic subdivision United States.
9 (RLIN) 55553
Topical term or geographic name as entry element Librarians
General subdivision Salaries, etc.
9 (RLIN) 55554
710 ## - ADDED ENTRY--CORPORATE NAME
Corporate name or jurisdiction name as entry element U.S. Bureau of Labor Statistics.
9 (RLIN) 55555
942 ## - ADDED ENTRY ELEMENTS (KOHA)
Source of classification or shelving scheme Dewey Decimal Classification
Koha item type Books
Holdings
Lost status Source of classification or shelving scheme Damaged status Not for loan Collection code Permanent Location Current Location Shelving location Date acquired Source of acquisition Cost, normal purchase price Total Checkouts Full call number Date last seen Copy number Koha item type
  Dewey Decimal Classification   Not For Loan Non-fiction Central Library, University of Rajshahi Central Library, University of Rajshahi Reading Room 04/02/1960 U.S. Book Exchange 0.00   023 DAE 1950 18/11/2013 C-1 Books